| 000 | 00986nam a22001817a 4500 | ||
|---|---|---|---|
| 008 | 110906s1997 ua||||| |||| 00| 0 ara d | ||
| 020 | _a9770151033 | ||
| 082 |
_222 _a305.24 _bر ض و |
||
| 100 | 1 |
_927036 _aرضوان ، نادية |
|
| 245 |
_aالشباب المصرى المعاصر وأزمة القيم : _bدراسة عن بوادر ومحاور أزمة الشباب : ثلاث دراسات تتبعية لمجموعة من الشباب الفترة من 1984 - 1994 / _cنادية رضوان |
||
| 260 |
_aالقاهرة : _bالهيئة المصرية العامة للكتاب ، _c1997. |
||
| 300 |
_a488 ص ؛ _c24 سم. |
||
| 504 | _aيشتمل على إرجاعات ببليوجرافية 467 - 483 | ||
| 650 | 0 |
_927037 _aالشباب _zمصر |
|
| 653 |
_bGeneral _cSeptember2011 |
||
| 942 |
_2ddc _cBB |
||
| 999 |
_c15967 _d15967 |
||